Statistics for Countries With No Letter Past R Alphabetically In Their Name

Click here to take the quiz!

General Stats

  • This quiz has been taken 70 times
    (24 since last reset)
  • The average score is 28 of 47

Answer Stats

Answer% Correct
Chile
91%
Japan
91%
Albania
82%
China
82%
Algeria
77%
Canada
77%
Andorra
68%
Benin
68%
Chad
68%
Fiji
68%
Finland
68%
Ghana
68%
Mali
68%
Oman
68%
Panama
68%
Angola
64%
Cambodia
64%
Colombia
64%
Denmark
64%
Gabon
64%
Iceland
64%
India
64%
Jamaica
64%
Romania
64%
Greece
59%
Ireland
59%
Nepal
59%
Armenia
55%
Cameroon
55%
France
55%
Iran
55%
Dominica
50%
Iraq
50%
Mongolia
50%
Morocco
50%
Namibia
50%
Niger
50%
Nigeria
50%
Poland
50%
Bahrain
45%
Jordan
45%
Monaco
45%
Lebanon
41%
Liberia
36%
Georgia
27%
Grenada
27%
Macedonia
23%

Score Distribution

Percentile by Number Answered

Percent of People with Each Score

Your Score History

You have not taken this quiz since the last reset